1590 1299 1382 1233 1376 1353 1501 1577 1583 1318 1980 1432 1737 1517 1662 1800 1009 1576 1984 1183 1048 1056 1437 1772 1157 1382 1496 1935 1369 1393 1668 1282 1292 1068 1669 1635 1787 1267 1325 1243 1128 1618 1439 1857 1004 1839 1443 1349 1980 1010 1669 1366 1337 1679 1673 1144 1547 1425 1315 1794 1533 1992 1753 1712 1758 1381 1368 1882 1381 1367 1483 1855 1274 1016 1563 1909 1442 1072 1240 1928 1507 1425 1055 1581 1867 1489 1460 1380 1624 1324 1206 1282 1133 1843 1138 1373 1078 1521 1104 BCNSPRNW ULIB Ver.6.0+V

เปลี่ยนเป็นภาษาไทย

Change to English
 แสดงรายละเอียดบรรณานุกรม
  กลับหน้าหลัก

Brief Record : Get Marc (ISO 2709) : E-mail record : QR code < ปิดหน้าต่าง
LEADER : 00000nam 2200000uu 4500
001    13399122624
003     ULIB
008    130819s2011||||th 000 0 eng d
020    ^a9780808924234
060 04 ^aQS17^bN474A
100 1  ^aNetter, Frank H.^q(Frank Henry),^d1906-1991.
245 10 ^aAtlas of human anatomy /^cby Frank H. Netter ; John T.Hansen, consulting editor
250    ^a5rd ed.
260    ^aPhiladelphia :^bSaunders Elsevier,^cc2011
300    ^a532 p. of plates, [53] p. :^bcol. ill., port. ;^c29 cm.
650  0 ^aHuman anatomy^vAtlases
650  2 ^aAnatomy^vatlases
700 1  ^aHansen, John T.,^eed.
945    ^p0^l0^i20076
999    ^aทศพร เกษรทอง
รายการนี้ยังไม่มีแท็ก
คุณยังไม่ได้ล็อกอิน คุณสามารถมีกิจกรรมร่วมกับเว็บไซต์ได้ แต่ต้องล็อกอินก่อน ::
  ล็อกอิน

รายการสื่อสารสนเทศ

ลำดับที่ ประเภท เลขเรียก/บาร์โค้ด สถานที่ สถานะ
1. วิทยาศาสตร์การแพทย์ และสุขภาพ
วิทยาศาสตร์การแพทย์ และสุขภาพ
QS17 N474A C.1 
  Barcode: 20076
ห้องสมุดวิทยาเขตสวรรค์ประชารักษ์
►หนังสือทั่วไป
บนชั้น

รายการใกล้เคียง
    หัวเรื่อง [Anatomy atlases]

BibComment


ยังไม่เคยถูกคอมเมนท์

คอมเมนท์ทรัพยากรรายการนี้
  คอมเมนท์: Atlas of human a..


 Copyright 2026. Bcnsprnw @Library